<?xml version="1.0" encoding="UTF-8"?>
<record
    xmlns:xsi="http://www.w3.org/2001/XMLSchema-instance"
    xsi:schemaLocation="http://www.loc.gov/MARC21/slim http://www.loc.gov/standards/marcxml/schema/MARC21slim.xsd"
    xmlns="http://www.loc.gov/MARC21/slim">

  <leader>03276nam a2200337 a 4500</leader>
  <controlfield tag="003">OSt</controlfield>
  <controlfield tag="005">20250630115818.0</controlfield>
  <controlfield tag="007">cr ||||||a|a|a</controlfield>
  <controlfield tag="008">250619s2025    mx a|||fom||| 001 0 spa d</controlfield>
  <datafield tag="040" ind1=" " ind2=" ">
    <subfield code="e">rda</subfield>
  </datafield>
  <datafield tag="100" ind1="1" ind2=" ">
    <subfield code="a">Arias Moreno, Juan Carlos</subfield>
    <subfield code="9">190491</subfield>
  </datafield>
  <datafield tag="245" ind1="1" ind2="0">
    <subfield code="a">Comportamiento productivo de ovejas en dos sistemas silvopastoriles y agostadero en la Sierra de Huautla, Morelos /</subfield>
    <subfield code="c">por Juan Carlos Ar&#xED;as Moreno; director de tesis Enrique Cort&#xE9;s D&#xED;az; secretario Pedro Arturo Mart&#xED;nez Hern&#xE1;ndez; vocal Melit&#xF3;n C&#xF3;rdoba &#xC1;lvarez; suplente Jos&#xE9; Luis Zaragoza Ram&#xED;rez; suplente Giovany Tonatiuh Gonz&#xE1;lez Bonilla.</subfield>
  </datafield>
  <datafield tag="264" ind1=" " ind2="1">
    <subfield code="a">Chapingo, M&#xE9;xico :</subfield>
    <subfield code="b">El autor,</subfield>
    <subfield code="c">2024.</subfield>
  </datafield>
  <datafield tag="300" ind1=" " ind2=" ">
    <subfield code="a">1 recurso en l&#xED;nea (85 p&#xE1;ginas):</subfield>
    <subfield code="b">cuadros, figuras.</subfield>
  </datafield>
  <datafield tag="336" ind1=" " ind2=" ">
    <subfield code="2">rdacontent</subfield>
    <subfield code="a">texto</subfield>
    <subfield code="b">txt</subfield>
  </datafield>
  <datafield tag="337" ind1=" " ind2=" ">
    <subfield code="2">rdamedia</subfield>
    <subfield code="a">computadora</subfield>
    <subfield code="b">c</subfield>
  </datafield>
  <datafield tag="338" ind1=" " ind2=" ">
    <subfield code="2">rdacarrier</subfield>
    <subfield code="a">recurso en l&#xED;nea</subfield>
    <subfield code="b">cr</subfield>
  </datafield>
  <datafield tag="502" ind1=" " ind2=" ">
    <subfield code="b">IAEZ</subfield>
    <subfield code="c">Zootecn&#xED;a</subfield>
    <subfield code="d">2024.</subfield>
    <subfield code="g">LIC</subfield>
  </datafield>
  <datafield tag="504" ind1=" " ind2=" ">
    <subfield code="a">Incluye referencias bibliogr&#xE1;ficas: p&#xE1;ginas 52-61.</subfield>
  </datafield>
  <datafield tag="520" ind1=" " ind2=" ">
    <subfield code="a">El objetivo fue analizar tres arreglos de &#xE1;reas de pastoreo conformados por los zacates Megathyrsus maximus (Jacq) cv. mombasa y Urochloa brizantha (Hochst. ex A. Rich.) cv. libertad y las arbustivas Leucaena leucocephala (Lam.) de Wit (guaje) Vachellia campechiana (Mill; cubata) y vegetaci&#xF3;n nativa. A partir de un ensayo de campo en terrenos del Lim&#xF3;n de Cuauchichinola, Sierra de Huautla, con ovejas en pastoreo rotacional 10 y 30 d&#xED;as de ocupaci&#xF3;n y desocupaci&#xF3;n, respectivamente, en condiciones de temporal. El seguimiento se dio de julio a noviembre del 2023. El dise&#xF1;o experimental fue completamente al azar con cuatro repeticiones y tres tratamientos: dos arreglos silvopastoriles y agostadero nativo de selva baja caducifolia. Los arreglos silvopastoriles fueron: mombasa-guaje y cubata; y, libertad-guaje y cubata. La carga animal fue 159 ovejas ha-1. Las variables analizadas fueron: cantidad y calidad del forraje ofrecido por estrato (herb&#xE1;ceo y arbustivo) y la ganancia diaria de peso (GDP). Mombasa y libertad mostraron mayor (p&#x2264;0.05) cantidad de forraje ofrecido que el estrato herb&#xE1;ceo del agostadero nativo: 4249 y 4134.43 kg MS ha-1, respectivamente, contra 819 kg MS ha-1 del agostadero nativo, pero &#xE9;ste present&#xF3; mayor (p&#x2264;0.05) prote&#xED;na cruda (8.9%), sin diferencia (p&gt;0.05) en fibras. En el estrato arbustivo, el arreglo mombasa-guaje y cubata mostr&#xF3; la mayor (p&#x2264;0.05) prote&#xED;na cruda (21.3%). La GDP fue semejante (p&gt;0.05) en todos los tratamientos. La cantidad y calidad del forraje en una vegetaci&#xF3;n de selva baja caducifolia puede ser influida por los componentes que conformen el &#xE1;rea forrajera.</subfield>
  </datafield>
  <datafield tag="650" ind1=" " ind2="4">
    <subfield code="a">Ganado lanar</subfield>
    <subfield code="x">Pastoreo</subfield>
    <subfield code="9">45209</subfield>
  </datafield>
  <datafield tag="650" ind1=" " ind2="4">
    <subfield code="a">Forrajes</subfield>
    <subfield code="x">Rendimiento</subfield>
    <subfield code="9">42593</subfield>
  </datafield>
  <datafield tag="650" ind1=" " ind2="4">
    <subfield code="a">Forrajes</subfield>
    <subfield code="x">Calidad </subfield>
    <subfield code="9">140771</subfield>
  </datafield>
  <datafield tag="700" ind1="1" ind2=" ">
    <subfield code="a">Cort&#xE9;s D&#xED;az, Enrique</subfield>
    <subfield code="e">director de tesis.</subfield>
    <subfield code="9">28347</subfield>
  </datafield>
  <datafield tag="700" ind1="1" ind2=" ">
    <subfield code="a">Mart&#xED;nez Hern&#xE1;ndez, Pedro Arturo</subfield>
    <subfield code="9">72165</subfield>
    <subfield code="e">secretario.</subfield>
  </datafield>
  <datafield tag="700" ind1="1" ind2=" ">
    <subfield code="a">C&#xF3;rdoba &#xC1;lvarez, Melit&#xF3;n</subfield>
    <subfield code="9">27815</subfield>
    <subfield code="e">vocal.</subfield>
  </datafield>
  <datafield tag="700" ind1="1" ind2=" ">
    <subfield code="a">Zaragoza Ram&#xED;rez, Jos&#xE9; Luis</subfield>
    <subfield code="9">123684</subfield>
    <subfield code="e">suplente.</subfield>
  </datafield>
  <datafield tag="700" ind1="1" ind2=" ">
    <subfield code="a">Gonz&#xE1;lez Bonilla, Giovany Tonatiuh</subfield>
    <subfield code="e">suplente.</subfield>
    <subfield code="9">48731</subfield>
  </datafield>
  <datafield tag="856" ind1=" " ind2=" ">
    <subfield code="u">http://10.13.5.2/tesis/tl/1710151-6_ARIAS_MORENO_JUANCARLOS.pdf</subfield>
    <subfield code="z">DESCARGAR PDF</subfield>
  </datafield>
  <datafield tag="942" ind1=" " ind2=" ">
    <subfield code="2">Clasificaci&#xF3;n Universidad Aut&#xF3;noma Chapingo</subfield>
    <subfield code="c">TD</subfield>
  </datafield>
  <datafield tag="999" ind1=" " ind2=" ">
    <subfield code="c">220648</subfield>
    <subfield code="d">220648</subfield>
  </datafield>
  <datafield tag="952" ind1=" " ind2=" ">
    <subfield code="0">0</subfield>
    <subfield code="1">0</subfield>
    <subfield code="2">local</subfield>
    <subfield code="4">0</subfield>
    <subfield code="5">1</subfield>
    <subfield code="7">0</subfield>
    <subfield code="8">TesDigL</subfield>
    <subfield code="a">BD</subfield>
    <subfield code="b">BD</subfield>
    <subfield code="c">E_L</subfield>
    <subfield code="d">2025-06-19</subfield>
    <subfield code="l">0</subfield>
    <subfield code="o">Tesis digital</subfield>
    <subfield code="r">2025-06-19 14:00:10</subfield>
    <subfield code="w">2025-06-19</subfield>
    <subfield code="y">TD</subfield>
  </datafield>
</record>
